| 000 | 01119cam a2200241 4500 | ||
|---|---|---|---|
| 001 | WB3928-17 | ||
| 008 | 030724n2003 000 0 eng u | ||
| 035 | _a(Sirsi) u123124 | ||
| 245 | _aUK could lose out under CAP reforms | ||
| 260 | _c2003 | ||
| 490 |
_aRICS Press Release _v(pr074) 22 July 2003 (2) |
||
| 520 | _aThe UK could be penalised again under the recent CAP reforms if tenants and landlords do not work together to safeguard subsidy entitlements, according to RICS. Under new measures, a high proportion of EU support payments will be decoupled from specific parcels of land as from January 2005. In the meantime, changes in occupation could lead to the loss of entitlements, thus adversely affecting both a vacating tenant and the owner of the freehold. http://www.rics.org/ricscms/bin/show?class=PressRelease&template=/includes/showpr.html&id=963&faculty=RICS | ||
| 590 | _aWB | ||
| 650 | _aCAP REFORMS | ||
| 650 | _aRICS | ||
| 650 | _aSUBSIDIES | ||
| 650 | _aPARCELS OF LAND | ||
| 650 | _aENTITLEMENT | ||
| 650 | _aLANDLORDS | ||
| 650 | _aTENANTS | ||
| 690 |
_aRural _96268 |
||
| 942 | _n0 | ||
| 999 |
_c73113 _d73113 |
||